Supreme Court in United States History 1836-1918 (Record no. 7186)

000 -LEADER
fixed length control field 00458 a2200145 4500
040 ## - CATALOGING SOURCE
Original cataloging agency DLC
Language of cataloging DLC
082 ## - DEWEY DECIMAL CLASSIFICATION NUMBER
Classification number 347.7326
100 ## - MAIN ENTRY--PERSONAL NAME
Personal name Warren, Charles
245 ## - TITLE STATEMENT
Title Supreme Court in United States History 1836-1918
Statement of responsibility, etc. Charles Warren
260 ## - PUBLICATION, DISTRIBUTION, ETC.
Place of publication, distribution, etc. New Delhi:
Name of publisher, distributor, etc. Cosmo Publications,
Date of publication, distribution, etc. 2007.
300 ## - PHYSICAL DESCRIPTION
Extent viii, 812 p. :
Other physical details ill.,
Dimensions 24 cm.
500 ## - GENERAL NOTE
General note Includes Index
650 ## - SUBJECT ADDED ENTRY--TOPICAL TERM
Topical term or geographic name entry element United States. Supreme court.2.Law --United States.
942 ## - ADDED ENTRY ELEMENTS (KOHA)
Koha item type Book
Call number prefix 347.7326 WAR
Source of classification or shelving scheme
Holdings
Withdrawn status Lost status Damaged status Not for loan Collection code Permanent Location Current Location Shelving location Date acquired Source of acquisition Cost, normal purchase price Full call number Barcode Date last seen Price effective from Koha item type
          NUST Law School (NLS) NUST Law School (NLS) General Stacks 05/14/2008 Donation 0.00 347.7326 WAR SEECS009121 11/14/2012 01/05/2017 Book
          NUST Law School (NLS) NUST Law School (NLS) General Stacks 05/14/2008 Donation 0.00 347.7326 WAR SEECS009134 11/14/2012 01/05/2017 Book
          NUST Law School (NLS) NUST Law School (NLS) General Stacks 05/14/2008 Donation 0.00 347.7326 WAR SEECS009135 11/14/2012 01/05/2017 Book
          NUST Law School (NLS) NUST Law School (NLS) General Stacks 05/14/2008 Donation 0.00 347.7326 WAR SEECS009120 11/14/2012 01/05/2017 Book
© 2023 Central Library, National University of Sciences and Technology. All Rights Reserved.